000 00340pab a2200145 454500
008 180718b1998 xxu||||| |||| 00| 0 eng d
100 _aDave, Nalini V.
245 _aMNCs: threats and opportunities
260 _c1998
300 _ap.25-28
362 _aJul
650 _aTransnational corporations
773 _aYojana
909 _a37936
999 _c37936
_d37936